MDQL
is popping MORE tags! Check the
thread
!
Quizzes
Events
Quiz Creation
Community
Videos
Private Events
Remove Ads
Sign In
Join for FREE
Feedback
Dark Mode
Quiz Categories
Sports
Geography
Music
Movies
Television
Just For Fun
Miscellaneous
History
Literature
Language
Science
Gaming
Entertainment
Religion
Holiday
For Kids
Quiz Lab
Recent
Popular Today
Quiz Kudos Today
Editor Picks
Curator Picks
Quizzes by...
Day
Popularity
Type
Ratings
Length
Year
Community
Subscriptions
Recent Discussions
Orange Saloon
Badges
Playlists
Quests
Create
Leaderboards
Showdown
Live 5
Trivia Bingo
Activity
Puzzle Library
Sporcle Events
Private Events
Virtual Trivia
Globe League
Become a Host
Pub Owners
SporcleCon
Opinionation
Our Games
Videos
Blog
Mobile Apps
Partnerships
Remove Ads and Go Orange
Feedback
Entertainment
Celebrity
Famous
Musical
Broadway
Show
Quote
Comic Books
Anime
Superhero
DC Comics
Marvel
Cartoons
Animation
Entertainment
Celebrity
Famous
Musical
Broadway
Show
Quote
Comic Books
Anime
Superhero
DC Comics
Marvel
Cartoons
Animation
Random Quiz
Search Sporcle
×
Quiz Lab
Quiz Lab
Entertainment
Numbers
Type in answers that appear in a list
Type in answers that appear in a list
Classic
Best Score? Go Orange.
Sopranos characters by murders committed Stats
Can you name the Sopranos characters by the number of murders committed?
By
juror8
7m
31 Questions
2,864 Plays
2,864 Plays
2,864 Plays
Comments
Comments
Give Quiz Kudos
Give Quiz Kudos
-
- Ratings
hide this ad
More Info
Replay
Link that replays current quiz
Next Quiz
Link to next quiz in quiz playlist
You Got
0%
They Got
Avg Score
39%
Avg Friend Score
Upgrade to see
Score Distribution
Jump to the score distribution portion of the page
Score
0/31
Timer
07:00
0
Plays Today
Murders committed
Character
% Correct
9
Christopher Moltisanti
95.6%
7
Tony Soprano
95.6%
7
Paulie Walnuts
94.8%
5
Silvio Dante
91.5%
1
Ralph Cifaretto
75.2%
1
Phil Leotardo
72.1%
2
Big Pussy Bonpensiero
66.4%
3
Tony Blundetto
65.8%
2
Vito Spatafore
64.5%
3
Mikey Palmice
59.8%
1
Janice Soprano
56%
1
Jackie Aprile Jr
45.5%
1
Bobby Baccalieri Jr
44.9%
1
Carlo Gervasi
40.1%
2
Benny Fazio
36.2%
1
Eugene Pontecorvo
34.7%
Murders committed
Character
% Correct
3
Billy Leotardo
34.3%
2
Bobby Baccalieri Sr
29.4%
1
Gigi Cestone
26.7%
1
Fat Dom Gamiello
23.4%
1
Walden Belfiore
16.4%
1
Butch DeConcini
11.8%
1
Albert Barese
8.3%
1
Gerry Torciano
8.3%
2
Salvatore
7.9%
1
Rasheen Ray
7.1%
1
Matush
6.7%
3
Italo
3.2%
1
Special K
2.8%
1
Petey La Rosa
2.3%
2
Cary DiBartolo
1.7%
Quiz Playlist
Details
Report
Send in Message
Add To Playlist
More Info:
Named killers, who committed their murder on-screen, only.
Classic:
Type in answers that appear in a list
Quiz Source
Last Updated: Aug 28, 2018
Quiz Scoreboard
CHALLENGE
Sign Up to Join the Scoreboard
Show All
Scores
Hide
Comments
May contain spoilers
Recently Published
Colored Red Africa Blitz
by spor1
Geography
30s
Find the 'City' Movie
by crazypaving
Movies
60s
5x2 Blitz: Bands
by SL_Kpop136
Music
30s
More to Explore
Quiz From the Vault
Featured Blog Post
14 Easter Pick-up Lines to Find Eggs With
hide this ad
You Might Also Like...
Tags
Numbers Quiz
Character
Committed
Murder
Murdered
soprano
Today's Top Quizzes in Entertainment
Browse Entertainment
hide this ad
Today's Top Quizzes in Numbers
Browse Numbers
Top Contributed Quizzes in Entertainment
1
Marvel Classic Character Map
2
Dragon Ball Z: Goku's Fights in Order
3
Marvel Characters Bunker
4
JoJo's Bizarre Logic Quiz
5
This is Your Life: Edward Elric
6
Celebrity Spelling Bee
7
This is Your Life: Itachi Uchiha
8
BOYS PLANET Quiz
9
Sorting Pictures: Villains
10
One Piece Heroines Chapter Cover
Explore More
Trending Topics
Harry Potter
Crossword
Disney
NBA
Anime
Kpop
Marvel
Country
Puzzle
The Office
WWE
Soccer
Song
Pokémon
NFL
hide this ad
More By:
juror8
Quiz
Plays
Rating
Category
Featured
Created
Most WWF/WWE Matches 1980-2009
270,839
3.62
Sports
Mar 1, 2010
Sopranos characters by murders committed
2,864
4.50
Entertainment
Dec 28, 2009
NME cover stars 1997-2000
2,794
4.55
Music
Apr 19, 2011
WWE/WWF jobbers 1991-2010
2,289
4.64
Sports
Oct 12, 2013
Multiple UK #1s in the 2000s
2,017
4.36
Music
Nov 17, 2009
Go to Creator's Profile
Score Distribution
Quiz Creator Spotlight
juror8
Follow
Send a Message
Quizzes Created
-
Created Quiz Play Count
-
More By This Creator
Popular Quizzes Today
1
Colored Red Africa Blitz
2
Find the US States - No Outlines Minefield
3
Find the 'City' Movie
4
5x2 Blitz: Bands
5
The Countries of the World
6
Find the US States
7
Find the Countries of Europe - No Outlines Minefield
8
US States
More Entertainment Quizzes
Akinator: SpongeBob Squarepants
Quiz Lab
Trending Quizzes
Colored Red Europe Blitz I
Colored Red Europe Blitz II
Colored Red Africa Blitz II
Colored Red Europe Blitz III
Colored Red Africa Blitz III
Recently Updated
How Do You Spell That?
pecheneg
Godzilla Movies
pecheneg
Grab Bag: 4-10 Letters
pecheneg
2024 March Madness Bracket
pecheneg
Famous TV Couples
Peacemaker
Champions League XIs: Real Madrid
pecheneg
Largest US Cities 1790-2010
pecheneg
Rides in Walt Disney World
pecheneg
Most Oscar Losses (Acting)
pecheneg
Beyoncé Albums
pecheneg
Trending Topics
Kpop
Disney
Marvel
Harry Potter
Crossword
NBA
Anime
The Office
Country
Soccer
WWE
NFL
Puzzle
Pokémon
Song
Your Account Isn't Verified!
In order to create a playlist on Sporcle, you need to verify the email address you used during registration. Go to your
Sporcle Settings
to finish the process.
Report this User
Report this user for behavior that violates our
Community Guidelines
.
Details:
Send Report
Go to the Sporcle.com Mobile Site →
Comments